Central Library OPAC University of Rajshahi

The careless husband / (Record no. 19615)

MARC details
000 -LEADER
fixed length control field 00811cam a22002651 4500
001 - CONTROL NUMBER
control field 19615
003 - CONTROL NUMBER IDENTIFIER
rucl marc code BD-RjUL
005 - DATE AND TIME OF LATEST TRANSACTION
control field 20211209000444.0
008 - FIXED-LENGTH DATA ELEMENTS--GENERAL INFORMATION
fixed length control field 140225s1966 nbu b 001 0 eng
035 ## - SYSTEM CONTROL NUMBER
System control number (BD-RjUL)19675
System control number (OCoLC)354955
040 ## - CATALOGING SOURCE
Original cataloging agency DLC
Transcribing agency ODaWU
Modifying agency OCoLC
-- DLC
-- BD-RjUL
Language of cataloging eng
041 ## - LANGUAGE CODE
Language code of text/sound track or separate title eng
082 ## - DEWEY DECIMAL CLASSIFICATION NUMBER
Classification number 822.5
Author mark and year COC
100 1# - MAIN ENTRY--PERSONAL NAME
Personal name Cibber, Colley
Dates associated with a name 1671-1757.
9 (RLIN) 60260
245 14 - TITLE STATEMENT
Title The careless husband /
Statement of responsibility, etc. Edited by William W. Appleton.
260 ## - PUBLICATION, DISTRIBUTION, ETC. (IMPRINT)
Place of publication, distribution, etc. Lincoln :
Name of publisher, distributor, etc. University of Nebraska Press,
Date of publication, distribution, etc. 1966.
300 ## - PHYSICAL DESCRIPTION
Pagination xvi, 135 p. ;
Size 21 cm.
504 ## - BIBLIOGRAPHY, ETC. NOTE
Bibliography, etc Includes Bibliographical footnotes and index.
700 1# - ADDED ENTRY--PERSONAL NAME
Personal name Appleton, William Worthen
942 ## - ADDED ENTRY ELEMENTS (KOHA)
Source of classification or shelving scheme Dewey Decimal Classification
Koha item type Books
Holdings
Lost status Source of classification or shelving scheme Damaged status Not for loan Collection code Permanent Location Current Location Shelving location Date acquired Source of acquisition Cost, normal purchase price Total Checkouts Full call number Date last seen Copy number Koha item type
  Dewey Decimal Classification   Added to bundle Fiction Central Library, University of Rajshahi Central Library, University of Rajshahi Reading Room 08/11/1969 Zeit 21.00   822.5 COC 1967 03/03/2014 C-1 Books